| 000 | 01291nam0a22003251 4500 | ||
|---|---|---|---|
| 001 | RU\NLR\INFOCOMM_165\5000004257 | ||
| 005 | 20260628111543.0 | ||
| 035 | _a(NLR Aleph) 009188813 | ||
| 090 |
_a13737526 _c13737526 |
||
| 100 | _a20100330d1968 |||y0rusy50 ba | ||
| 101 | 0 | _aeng | |
| 102 | _aEE | ||
| 105 | _aa ||||000|y | ||
| 200 | 1 |
_aMethods of selective extraction of shale oils _fK. B. Chernysheva, V. S. Fainberg _gUnited Nations Symposium on the development and utilization of oil shale resources. Sect. 3 |
|
| 210 |
_aTallinn _d1968 |
||
| 215 |
_a23 с. _cграфик. _d20 см |
||
| 309 | _aОтпеч. множит. аппаратом | ||
| 320 | _aБиблиогр.: с. 21-23 | ||
| 686 |
_aТх-т542[л529.7] _2rubbk |
||
| 700 | 1 |
_6z01790 _aČernyševa _bK. B. _gKsenija Borisovna _4070 |
|
| 701 | 1 |
_4070 _6z02790 _7ba _8rus _aFajnberg _bV. S. _cд-р техн. наук _f1934- _gValentin Samuilovič _9121298 _3RU\NLR\AUTH\7711556 |
|
| 712 | 0 | 2 |
_aUnited Nations _bSymposium on the development and utilization of oil shale resources _eTallinn _f1968 _4570 |
| 790 | 1 |
_6z01700 _aChernysheva _bK. B. _4070 |
|
| 790 | 1 |
_6z02701 _aFainberg _bV. S. _4070 |
|
| 801 | 0 |
_aRU _bNLR _gPSBO |
|
| 801 | 1 |
_aRU _bNLR _c20100330 |
|
| 852 |
_aNLR _jТ45 Д-4/23 |
||
| 942 | _cBOOK | ||
| 980 | _aNB | ||